书目信息 |
| 题名: |
中国经典推荐书目举要
|
|
| 作者: | 易欣悦 , 熊静 编 | |
| 分册: | ||
| 出版信息: | 拉萨 西藏人民出版社 2024.08 |
|
| 页数: | 376页 | |
| 开本: | 21cm | |
| 丛书名: | 虎丘书院文库 | |
| 单 册: | ||
| 中图分类: | Z835 | |
| 科图分类: | ||
| 主题词: | 推荐书目--中国 | |
| 电子资源: | ||
| ISBN: | 978-7-223-07180-2 | |
| 000 | 01111oam2 2200265 450 | |
| 001 | 010622231956 | |
| 005 | 20251022204944.81 | |
| 010 | @a978-7-223-07180-2@dCNY48.00 | |
| 100 | @a20250402d2024 em y0chiy0120 ea | |
| 101 | 0 | @achi |
| 102 | @aCN@b540000 | |
| 105 | @ay z 000yy | |
| 106 | @ar | |
| 200 | 1 | @a中国经典推荐书目举要@9zhong guo jing dian tui jian shu mu ju yao@f易欣悦,熊静编 |
| 210 | @a拉萨@c西藏人民出版社@d2024.08 | |
| 215 | @a376页@d21cm | |
| 225 | 2 | @a虎丘书院文库@h第三辑@f王余光,邱冠华主编 |
| 330 | @a本选题通过线上线下两种渠道,广泛收集20世纪以来影响较大、受众面较广的各类经典推荐书目出版物,以及各类型门户网站上的数字推荐书目,参考《中外推荐书目一百种》的分类法,结合目前分众推荐的趋势,将收集来的书目分为:近代名家推荐书目、当代重要导读书目、出版社推荐书目、面向大众的导读书目、面向青年的导读书目、人生必读书目、影响中国的书、影响世界的书8种类型。 | |
| 461 | 0 | @12001 @a虎丘书院文库 |
| 606 | 0 | @a推荐书目@y中国 |
| 690 | @aZ835@v5 | |
| 701 | 0 | @a易欣悦@9yi xin yue@4编 |
| 701 | 0 | @a熊静@9xiong jing@4编 |
| 801 | 0 | @aCN@c20250910 |
| 905 | @a河南城建学院图书馆@dZ835@eY557@ZY557@f1 | |
| 中国经典推荐书目举要/易欣悦,熊静编.-拉萨:西藏人民出版社,2024.08 |
| 376页;21cm.-(虎丘书院文库.第三辑/王余光,邱冠华主编) |
| ISBN 978-7-223-07180-2:CNY48.00 |
| 本选题通过线上线下两种渠道,广泛收集20世纪以来影响较大、受众面较广的各类经典推荐书目出版物,以及各类型门户网站上的数字推荐书目,参考《中外推荐书目一百种》的分类法,结合目前分众推荐的趋势,将收集来的书目分为:近代名家推荐书目、当代重要导读书目、出版社推荐书目、面向大众的导读书目、面向青年的导读书目、人生必读书目、影响中国的书、影响世界的书8种类型。 |
| ● |
| 相关链接 |
|
|
|
正题名:中国经典推荐书目举要
索取号:Z835/Y557
 
预约/预借
| 序号 | 登录号 | 条形码 | 馆藏地/架位号 | 状态 | 备注 |
| 1 | 1634948 | 216349486 | 自科库501/501自科库 132排1列4层/ [索取号:Z835/Y557] | 在馆 |